Tętnice - Statystyki

Ogólne statystyki
  • Ten quiz został rozwiązany 13 razy
  • Średni wynik to 26 z 151
Statystyki odpowiedzi
Odpowiedź % Poprawnych
Tętnica promieniowa
80%
Tętnica udowa
80%
Tętnica krezkowa dolna
70%
Tętnica krezkowa górna
70%
Tętnica łokciowa
70%
Tętnica śledzionowa
70%
Pień ramienno-głowowy
60%
Tętnica biodrowa wewnętrzna
60%
Tętnica biodrowa wspólna
60%
Tętnica biodrowa zewnętrzna
60%
Tętnica nerkowa
60%
Tętnica pachowa
60%
Tętnica płucna prawa
60%
Tętnica podkolanowa
60%
Tętnica podobojczykowa lewa
60%
Tętnica podobojczykowa prawa
60%
Tętnica ramienna
60%
Tętnica szyjna wewnętrzna
60%
Tętnica jądrowa
50%
Tętnica piszczelowa przednia
50%
Tętnica piszczelowa tylna
50%
Tętnica płucna lewa
50%
Tętnica szyjna zewnętrzna
50%
Tętnica wątrobowa właściwa
50%
Tętnica wątrobowa wspólna
50%
Tętnica wieńcowa lewa
50%
Tętnica wieńcowa prawa
50%
Pień trzewny
40%
Tętnica kręgowa
40%
Tętnica szyjna wspólna lewa
40%
Tętnica żołądkowa lewa
40%
Tętnica żołądkowa prawa
40%
Łuk dłoniowy głęboki
30%
Łuk dłoniowy powierzchowny
30%
Tętnica jajnikowa
30%
Tętnica maciczna
30%
Tętnica piersiowa wewnętrzna
30%
Tętnica pośladkowa dolna
30%
Tętnica pośladkowa górna
30%
Tętnica przeponowa dolna
30%
Tętnica przeponowa górna
30%
Tętnica szyjna wspólna prawa
30%
Tętnica żołądkowo-dwunastnicza
30%
Tętnica głęboka ramienia
20%
Tętnica głęboka uda
20%
Tętnica łukowata
20%
Tętnica nadłopatkowa
20%
Tętnica odbytnicza dolna
20%
Tętnica odbytnicza górna
20%
Tętnica odbytnicza środkowa
20%
Tętnica oskrzelowa
20%
Tętnica podłopatkowa
20%
Tętnica biodrowo-lędźwiowa
10%
Tętnica grzbietowa łechtaczki
10%
Tętnica grzbietowa prącia
10%
Tętnica grzbietowa śródstopia
10%
Tętnica grzbietowa stopy
10%
Tętnica jelita czczego
10%
Tętnica jelita krętego
10%
Tętnica krzyżowa pośrodkowa
10%
Tętnica łydkowa
10%
Tętnica mięśniowo-przeponowa
10%
Tętnica nabrzuszna dolna
10%
Tętnica nabrzuszna górna
10%
Tętnica nadnerczowa dolna
10%
Tętnica nadnerczowa górna
10%
Tętnica nadnerczowa środkowa
10%
Tętnica nasieniowodu
10%
Tętnica okalająca biodro głęboka
10%
Tętnica pęcherzowa dolna
10%
Tętnica pęcherzowa górna
10%
Tętnica pęcherzykowa
10%
Tętnica pępkowa
10%
Tętnica piersiowa boczna
10%
Tętnica piersiowa górna
10%
Tętnica sromowa wewnętrzna
10%
Tętnica trzustkowo-dwunastnicza dolna
10%
Tętnica trzustkowo-dwunastnicza górna przednia
10%
Tętnica trzustkowo-dwunastnicza górna tylna
10%
Tętnica wyrostka robaczkowego
10%
Tętnica żołądkowo-sieciowa lewa
10%
Tętnica żołądkowo-sieciowa prawa
10%
Tętnica zstępująca kolana
10%
Łuk okołonerkowy
0%
Pień tarczowo-szyjny
0%
Pień żebrowo-szyjny
0%
Tętnica boczna stępu
0%
Tętnica cewki moczowej
0%
Tętnica dłoniowa własna palców
0%
Tętnica dłoniowa wspólna palców
0%
Tętnica dolna boczna kolana
0%
Tętnica dolna przyśrodkowa kolana
0%
Tętnica esicza
0%
Tętnica głęboka łechtaczki
0%
Tętnica głęboka prącia
0%
Tętnica główna kciuka
0%
Tętnica górna boczna kolana
0%
Tętnica górna przyśrodkowa kolana
0%
Tętnica kątnicza przednia
0%
Tętnica kątnicza tylna
0%
Tętnica kostkowa przednia boczna
0%
Tętnica kostkowa przednia przyśrodkowa
0%
Tętnica krętniczo-okrężnicza
0%
Tętnica kroczowa
0%
Tętnica krtaniowa dolna
0%
Tętnica krzyżowa boczna dolna
0%
Tętnica krzyżowa boczna górna
0%
Tętnica lędźwiowa
0%
Tętnica lędźwiowa najniższa
0%
Tętnica łonowa
0%
Tętnica międzykostna wspólna
0%
Tętnica międzyżebrowa najwyższa
0%
Tętnica międzyżebrowa tylna
0%
Tętnica mięśnia dźwigacza jądra
0%
Tętnica okalająca ramię przednia
0%
Tętnica okalająca ramię tylna
0%
Tętnica okalająca udo boczna
0%
Tętnica okalająca udo przyśrodkowa
0%
Tętnica okrężnicza lewa
0%
Tętnica okrężnicza prawa
0%
Tętnica okrężnicza środkowa
0%
Tętnica opuszki prącia
0%
Tętnica opuszki przedsionka pochwy
0%
Tętnica osierdziowo-przeponowa
0%
Tętnica piersiowo-barkowa
0%
Tętnica płatowa dolna płuca lewego
0%
Tętnica płatowa dolna płuca prawego
0%
Tętnica płatowa górna płuca lewego
0%
Tętnica płatowa górna płuca prawego
0%
Tętnica płatowa środkowa płuca prawego
0%
Tętnica poboczna łokciowa dolna
0%
Tętnica poboczna łokciowa górna
0%
Tętnica pochwowa
0%
Tętnica podżebrowa
0%
Tętnica poprzeczna szyi
0%
Tętnica promieniowa wskaziciela
0%
Tętnica przyokrężnicza
0%
Tętnica przyśrodkowa stępu
0%
Tętnica środkowa kolana
0%
Tętnica szyjna głęboka
0%
Tętnica szyjna wstępująca
0%
Tętnica tarczowa dolna
0%
Tętnica więzadła obłego macicy
0%
Tętnica wsteczna łokciowa
0%
Tętnica wsteczna łokciowa przednia
0%
Tętnica wsteczna łokciowa tylna
0%
Tętnica wsteczna piszczelowa przednia
0%
Tętnica wsteczna piszczelowa tylna
0%
Tętnica zasłonowa
0%
Tętnica zgięcia prawego
0%
Nie znaleziono quizów pasujących do podanych kryteriów
Rozkład punktacji
Procent ludzi z każdym wynikiem
Percentyl według liczby udzielonych odpowiedzi
Twoja historia wyników
Nie rozwiązałeś tego quizu